<?xml version="1.0" encoding="UTF-8"?>
<marc:record xmlns:marc="http://www.loc.gov/MARC21/slim">
   <marc:leader>00000nam a2200000 a 4500</marc:leader>
   <marc:datafield ind1="1" ind2=" " tag="100">
      <marc:subfield code="a">Hänel, Wolfram</marc:subfield>
      <marc:subfield code="4">aut</marc:subfield>
      <marc:subfield code="e">Verfasser/-in</marc:subfield>
   </marc:datafield>
   <marc:datafield ind1="1" ind2=" " tag="100">
      <marc:subfield code="a">Gerold, Ulrike</marc:subfield>
      <marc:subfield code="4">aut</marc:subfield>
      <marc:subfield code="e">Verfasser/-in</marc:subfield>
   </marc:datafield>
   <marc:datafield ind1=" " ind2=" " tag="653">
      <marc:subfield code="a">witziger Bilderbuchspaß</marc:subfield>
   </marc:datafield>
   <marc:datafield ind1="0" ind2="0" tag="245">
      <marc:subfield code="a">Wozu braucht man eigentlich einen Papa?</marc:subfield>
   </marc:datafield>
   <marc:datafield ind1="0" ind2="0" tag="245">
      <marc:subfield code="c">Wolfram Hänel ; Ulrike Gerold</marc:subfield>
   </marc:datafield>
   <marc:datafield ind1=" " ind2="1" tag="264">
      <marc:subfield code="a">Köln</marc:subfield>
      <marc:subfield code="b">Baumhaus Verlag</marc:subfield>
      <marc:subfield code="c">2014</marc:subfield>
   </marc:datafield>
   <marc:datafield ind1="1" ind2=" " tag="520">
      <marc:subfield code="a">Was Papa kann, kann Mama auch! Oder? Papa weiß, wie man die Waschmaschine repariert. Doch als Mama sich mal um den kaputten Staubsauger gekümmert hat, konnte man ihn hinterher sogar als Föhn benutzen. Papa spielt gut Fußball. Mit Mama in der Mannschaft fliegt aber nicht nur der Ball ins Tor, sondern gleich noch ein Schuh hinterher. Papa ist ein echter Grillmeister. Doch wenn Mama die Würstchen dreht, kommt sogar die Feuerwehr, um mitzufeiern. Ganz klar: Keiner von beiden ist perfekt, aber gemeinsam sind Mama und Papa ein tolles Team!(Verlagstext)</marc:subfield>
   </marc:datafield>
   <marc:datafield ind1=" " ind2=" " tag="020">
      <marc:subfield code="a">9783833902956</marc:subfield>
      <marc:subfield code="9">9783833902956</marc:subfield>
   </marc:datafield>
   <marc:datafield ind1=" " ind2=" " tag="041">
      <marc:subfield code="a">ger</marc:subfield>
   </marc:datafield>
   <marc:datafield ind1=" " ind2=" " tag="300">
      <marc:subfield code="a">[32] S. : überw. Ill</marc:subfield>
   </marc:datafield>
</marc:record>
